|
|
|
|
| LEADER |
00000nam0a2200000 4500 |
| 001 |
342698 |
| 005 |
20231102005459.0 |
| 010 |
|
|
|a 9785170965564
|
| 010 |
|
|
|a 978-5-17-109808-7
|
| 035 |
|
|
|a (RuTPU)RU\TPU\book\371877
|
| 090 |
|
|
|a 342698
|
| 100 |
|
|
|a 20190321d2018 m y0rusy50 ca
|
| 101 |
0 |
|
|a rus
|
| 102 |
|
|
|a RU
|
| 105 |
|
|
|a y z 000ay
|
| 200 |
1 |
|
|a Патологии
|e роман
|f З. Прилепин
|
| 210 |
|
|
|a Москва
|c АСТ
|d 2018
|
| 215 |
|
|
|a 351 с.
|
| 330 |
|
|
|a Окраины Грозного. Вторая чеченская. Отряд молодых, весёлых, злых омоновцев приехал на войну. Святой Спас — тихий городок, затерявшийся среди русских холмов и равнин. Шестилетний мальчик, нежно и ранимо проживающий своё детство. Выросший юноша, неистово любящий, до крови ревнующий. Границы между бывшим и настоящим, между миром и войной — стёрты, размыты. Главный герой, Егор Ташевский — "человек хрупкой психики, робкой смелости" — не умеет вписать войну в своё представление о нормальном. "Патологии" — целый мир, в котором есть боль, кровь и смерть, но есть и любовь, и вещие сны, и надежда на будущее. "Патологии" — роман, открывший России Прилепина-прозаика. Роман о человеке на войне и о войне в человеческом сознании.
|
| 606 |
1 |
|
|a Русская литература современная
|2 stltpush
|3 (RuTPU)RU\TPU\subj\26373
|9 50316
|
| 610 |
1 |
|
|a художественная литература
|
| 610 |
1 |
|
|a романы
|
| 610 |
1 |
|
|a военная проза
|
| 675 |
|
|
|a Р2
|v 4
|
| 700 |
|
1 |
|a Прилепин
|b З.
|c настоящее имя Евгений Николаевич Прилепин
|c писатель, журналист
|f 1975-
|g Захар
|2 stltpush
|3 (RuTPU)RU\TPU\pers\37928
|9 20592
|
| 801 |
|
1 |
|a RU
|b 63413507
|c 20190321
|
| 801 |
|
2 |
|a RU
|b 63413507
|c 20200206
|g RCR
|
| 942 |
|
|
|c BK
|
| 959 |
|
|
|a 3/20190321
|d 1
|e 256,00
|f ХФ:1
|